The Dublin-Belfast development corridor : Ireland's mega-city region? /

Bibliographic Details
Other Authors: Yarwood, John R.
Format: Book
Language:English
Published: Aldershot, England ; Burlington, VT : Ashgate, [2006]
Series:Urban and regional planning and development.
Subjects:

MARC

Tag First Indicator Second Indicator Subfields
LEADER 00000cam a22000004a 4500
001 in00002194113
005 20151104064850.0
008 060222s2006 enkabe b 101 0 eng
010 |a  2006006429 
020 |a 0754647021 (alk. paper) 
035 |a (OCoLC)ocm64486470 
040 |a DLC  |c DLC  |d TXA  |d UtOrBLW 
042 |a pcc 
043 |a e-uk-ni  |a e-ie--- 
049 |a TXAM 
050 0 0 |a HT395.I73  |b D73 2006 
082 0 0 |a 307.1/209417  |2 22 
245 0 4 |a The Dublin-Belfast development corridor :  |b Ireland's mega-city region? /  |c edited by John Yarwood ; foreword by Peter Hall. 
264 1 |a Aldershot, England ;  |a Burlington, VT :  |b Ashgate,  |c [2006] 
264 4 |c ©2006 
300 |a xxi, 287 pages :  |b illustrations, maps, plans ;  |c 24 cm. 
336 |a text  |b txt  |2 rdacontent 
337 |a unmediated  |b n  |2 rdamedia 
338 |a volume  |b nc  |2 rdacarrier 
490 1 |a Urban and regional planning and development series 
504 |a Includes bibliographical references and index. 
505 0 |a Overview and summary / John Yarwood -- City-regions in the global knowledge economy / Martin Sokol -- Implementing the national spatial strategy and the regional development strategy for Northern Ireland within the Dublin-Belfast corridor / Niall Cussen and Jim Hetherington -- Critical reflections on the national spatial strategy and the regional development strategy for Northern Ireland / Jim Walsh and Michael Murray -- The structure of the Greater Dublin area / John Yarwood -- Remarks on the regional planning guidelines for the Greater Dublin area / John Yarwood -- A review of local planning within the Dublin-Belfast corridor / Malachy McEldowney and Derry O'Connell -- Mass transportation within development corridors / John Prosser and John Yarwood -- Service firm connections in the Dublin-Belfast corridor / Chris van Egeraat and Martin Sokol -- Housing growth, land delivery and sustainable urban management / Mark Scott ... [et al.] -- Urban design principles and local environments in the Dublin-Belfast corridor / Philip Geoghegan -- Housing markets and cross-border integration / Chris Paris -- Sub-regional planning in cross-border city-regions : the case of north-west Ireland / Brendan Murtagh and Brian Kelly -- Local authorities and managing cross-border projects / Derek Birrell -- Towards an hypothetical regional plan for the Dublin-Belfast corridor / John Yarwood. 
650 0 |a Regional planning  |z Ireland. 
650 0 |a Regional planning  |z Northern Ireland. 
650 0 |a Regional planning  |z Ireland  |z Dublin Metropolitan Area. 
650 0 |a Regional planning  |z Northern Ireland  |z Belfast Metropolitan Area. 
650 0 |a City planning  |z Ireland  |z Dublin Metropolitan Area. 
650 0 |a City planning  |z Northern Ireland  |z Belfast Metropolitan Area. 
650 0 |a Economic development. 
700 1 |a Yarwood, John R. 
830 0 |a Urban and regional planning and development. 
994 |a C0  |b TXA 
948 |a cataloged  |b h  |c 2006/8/25  |d c  |e jlanham  |f 12:18:44 pm 
999 |a MARS 
999 f f |s 0b390265-e74c-329c-b476-677010763623  |i 983e22a0-6628-3d63-b3e9-22f8d9f1e219  |t 0 
952 f f |p ric  |a Texas A&M University  |b Rellis Campus  |c Joint Library Facility  |d Remote Storage  |t 0  |e HT395.I73 D73 2006  |h Library of Congress classification  |i unmediated -- volume  |m A14834369205 
998 f f |a HT395.I73 D73 2006  |t 0  |l Remote Storage